[Event "Airthings Masters Preliminary"]
[White "Giri,Anish"]
[Black "Harikrishna,Pentala"]
[Site "Online"]
[Round "5.3"]
[Annotator "TA"]
[Result "1-0"]
[Date "2020.12.23"]
[WhiteElo "2764"]
[BlackElo "2732"]
[PlyCount "79"]

1. d4 {} d5 2. c4 c6 3. Nc3 Nf6 4. e3 e6 5. Nf3 Nbd7 6. Bd3 dxc4 7. Bxc4 b5 8. Bd3 Bd6 9. Qc2 {D47: Semi-Slav: Meran System.} Bb7 10. e4 {e5 is the
strong threat.} e5 11. Bg5 {The position is equal.} Qc7 12. 0-0-0 {[#]} a6 $146 ({Predecessor:} 12... b4 13. Na4 0-0 14. dxe5 Nxe5 15. Bxf6 gxf6 16. Nxe5 fxe5 17. Nc5 Bc8 18. Kb1 Rb8 {1-0 (41) Di Benedetto,E (2324)-Alok,S (2187)
Montebelluna 2018} )13. Kb1 0-0-0 14. Rhf1 h6 15. Bh4 g5 {Threatens to win
with ...exd4.} 16. Bg3 c5 (16... exd4 {keeps more tension.} 17. Nxd4 Bxg3 18. hxg3 Nc5 19. Nf5 Kb8 )17. dxe5 Nxe5 18. Bxb5 axb5 {[#]} 19. Rxd6 $1 Qxd6 20. Bxe5 Qe6 21. Ka1 Qc4 {A mistake that costs the game.} 22. Rc1 $18 Bxe4 {[#]} 23. b3 $1 {} Qb4 {[#]} (23... Bxc2 24. bxc4 g4 )(23... g4 24. bxc4 )24. Qb2 $1 (24. Nxe4 Nxe4 25. Kb2 (25. Bxh8 Rxh8 26. Kb2 Re8 $14 )f5 $16 )Bxf3 25. Bxf6 Bxg2 26. Bxh8 Kb7 27. Be5 Bf3 (27... Bc6 $142 28. Qc2 c4 29. bxc4 Qxc4 )28. Qc2 Rd7 29. Qf5 Bc6 30. Nb1 Qe4 31. Qxe4 Bxe4 32. Nc3 ({
Less strong is} 32. Rxc5 Rd1 $16 )Bd3 33. Bg7 h5 34. Bf6 g4 35. Re1 Kc6 36. Re7 Rxe7 37. Bxe7 f5 38. Kb2 f4 39. a3 Bf5 40. Ne2 {Weighted Error Value:
White=0.18/Black=0.46} 1-0

[Event "Airthings Masters Preliminary"]
[White "Grischuk,Alexander"]
[Black "Radjabov,Teimour"]
[Site "Online"]
[Round "5.4"]
[Annotator "TA"]
[Result "1/2-1/2"]
[Date "2020.12.23"]
[WhiteElo "2777"]
[BlackElo "2765"]
[PlyCount "91"]

1. d4 {} Nf6 2. c4 e6 3. Nf3 d5 4. Nc3 Be7 5. Bf4 0-0 6. a3 {D37: Queen's Gambit
Declined: 5 Bf4.} b6 7. Qc2 $1 { is currently scoring better than 7.e3.
} Bb7 8. Rd1 Nbd7 9. cxd5 exd5 10. e3 c5 11. Bd3 a6 12. a4 Re8 13. 0-0 g6 14. Ne5 Rc8 {[#]} 15. Qe2 $146 ({Predecessor:} 15. Be2 cxd4 16. exd4 Nf8 17. Bf3 Ne6 18. Be3 Bd6 19. Rfe1 Bf8 20. Qb3 Qd6 21. g3 {1/2-1/2 (41) Dreev,A (2670)
-Razuvaev,Y (2585) Reggio Emilia 1996} )c4 ({Black should try} 15... Nh5 $11 16. Bh6 (16. Bxa6 Bxa6 17. Qxa6 cxd4 $11 )cxd4 17. exd4 Nxe5 18. dxe5 Bg5 19. Bxg5 Qxg5 )16. Bb1 Nh5 17. Bh6 Nxe5 $1 18. dxe5 {White wants to play
Be4!} Bc5 $1 19. f4 d4 $1 { Hoping for ...d3.} 20. exd4 ({Don't go
for} 20. Qxc4 $2 dxc3 21. Rxd8 Bxe3+ 22. Kh1 Rexd8 $19 )Bxd4+ 21. Kh1 {
[#] aiming for Be4.} Qh4 $1 {} 22. Qe1 {} Qxe1 23. Rfxe1 Rcd8 24. Bg5 f6 25. exf6 {[#] f7+! is the strong threat.} Nxf6 ({Don't play} 25... Bxf6 $6 26. Rxe8+ Rxe8 27. Ba2 $16 )26. Rxe8+ Rxe8 27. h3 $2 (27. Ba2 $11 {and White stays safe.} )Bxc3 $19 28. bxc3 Ne4 ({Black
should play} 28... Nd5 $19 {And now ...b5 would win.} 29. f5 Nxc3 )29. Bxe4 $11 {The position is equal.} Bxe4 { Endgame KRB-KRB} 30. Rd6 b5 31. axb5 axb5 32. Rb6 Ra8 33. Re6 Bd5 (33... Bd3 {seems wilder.} 34. Rb6 Ra1+ 35. Kh2 Ra2 36. Rb8+ Kf7 )34. Rd6 Be4 35. Rd8+ Rxd8 36. Bxd8 {KB-KB} h5 37. Ba5 Kf7 38. Kg1 Ke6 39. Kf2 Kf5 40. g3 Bc6 41. Ke3 Bg2 42. h4 Ke6 43. Bb4 Kf5 44. Ba5 Ke6 45. Bb4 Kf5 46. Ba5 {Weighted Error Value: White=0.13/Black=0.11} 1/2-1/2

[Event "Airthings Masters Preliminary"]
[White "Nakamura,Hikaru"]
[Black "So,Wesley"]
[Site "Online"]
[Round "5.5"]
[Annotator "TA"]
[Result "1/2-1/2"]
[Date "2020.12.23"]
[WhiteElo "2736"]
[BlackElo "2770"]
[PlyCount "47"]

1. e4 {} e5 2. Nf3 Nc6 3. Bb5 Nf6 4. 0-0 Nxe4 5. d4 Nd6 6. dxe5 Nxb5 7. a4 Nbd4 8. Nxd4 Nxd4 9. Qxd4 d5 10. exd6 Qxd6 11. Qe4+ Qe6 12. Qd4 Qd6 13. Qe4+ Qe6 14. Qd4 Qd6 {Predecessor:} 15. Qe3+ $146 {C67: Ruy
Lopez: Berlin Defence: 4 0-0 Nxe4.} Be6 16. Nc3 Qc6 17. Nb5 Bc5 18. Qc3 0-0 19. Bf4 Rfc8 20. Nd4 Bxd4 21. Qxd4 Rd8 22. Qb4 a5 23. Qb5 Qxb5 24. axb5 {1/2-1/2 
(32) Wei,Y (2732)-Grischuk,A (2777) Chess.com INT 2020} 1/2-1/2

[Event "Airthings Masters Preliminary"]
[White "Nepomniachtchi,Ian"]
[Black "Aronian,Levon"]
[Site "Online"]
[Round "5.6"]
[Annotator "TA"]
[Result "1/2-1/2"]
[Date "2020.12.23"]
[WhiteElo "2784"]
[BlackElo "2781"]
[PlyCount "102"]

1. e4 {} e5 2. Nf3 Nc6 3. d4 exd4 4. Nxd4 Nf6 5. Nxc6 bxc6 6. e5 Qe7 7. Qe2 Nd5 8. h4 d6 {C45: Scotch Game.} (8... f6 9. c4 Ba6 10. Rh3 fxe5 11. Bg5 Nf6 12. Re3 d6 13. Qf3 Qd7 14. Nc3 Be7 15. Bd3 0-0 16. Bf5 Qe8 17. Be6+ Kh8 18. Qh3 Bc8 19. 0-0-0 Bxe6 20. Qxe6 h6 21. f4 exf4 {0-1 (30) Nepomniachtchi,I 
(2784)-Aronian,L (2781) Chess.com INT 2020} )9. c4 Nb6 10. exd6 cxd6 $1 {
10...cxd6 is better than 10...Qxe2+.} 11. Nc3 Be6 12. b3 $1 d5 13. cxd5 Nxd5 14. Bb2 Qb4 {[#]} 15. Qc4 $146 ({Predecessor:} 15. Qa6 Rc8 16. Rc1 Bc5 17. Bc4 0-0 18. 0-0 Qb8 19. Bxd5 cxd5 20. Ne2 Bg4 21. Nd4 {1-0 (46) Tukhaev,A (2516)
-Rajesh,V (2351) Mumbai 2017} )Qxc4 16. Bxc4 Bb4 17. Bxd5 Bxd5 18. 0-0-0 Bxc3 19. Bxc3 f6 20. Rd4 Kf7 21. f3 Rhe8 22. Re1 h5 23. Ra4 a6 24. Kd2 Red8 25. Ke3 Be6 26. Rc1 Rd5 27. Bd4 Rad8 28. Rc5 Rxc5 29. Bxc5 $11 {
Endgame KRB-KRB} Rd5 30. Bd4 (30. Bb6 {with more complications.} Bc8 31. Rc4 Bd7 32. Bc7 g5 33. Ra4 )c5 31. Bb2 Rd6 32. Ba3 Rc6 33. Kd3 Bd7 {[#]
Strongly threatening ...Rd6+.} 34. Ra5 Rd6+ 35. Kc3 Bb5 36. Bxc5 Rd5 37. Bd4 {
[#] a4 is the strong threat.} Ke6 38. b4 g5 39. a4 Bf1 40. Rxd5 Kxd5 {KB-KB} 41. g4 hxg4 42. h5 {Hoping for h6.} ({Not} 42. fxg4 $2 gxh4 43. Bg1 Ke4 $19 )Ke6 $1 ({Don't blunder} 42... gxf3 $2 43. h6 $18 )43. fxg4 Be2 44. h6 Kf7 45. h7 Kg7 46. Bxf6+ Kxh7 47. Bxg5 Bxg4 48. b5 axb5 49. axb5 Bf3 (49... Kg6 $11 {keeps the balance.} )50. b6 ({Better is} 50. Kd4 $16 )Kg6 51. b7 Bxb7 {
Weighted Error Value: White=0.06/Black=0.06} 1/2-1/2

[Event "Airthings Masters Preliminary"]
[White "Vachier-Lagrave,Maxime"]
[Black "Aronian,Levon"]
[Site "Online"]
[Round "6.1"]
[Annotator "TA"]
[Result "1/2-1/2"]
[Date "2020.12.23"]
[WhiteElo "2784"]
[BlackElo "2781"]
[PlyCount "113"]

1. c4 {} Nf6 2. Nc3 e6 3. e4 d5 4. e5 d4 5. exf6 dxc3 6. bxc3 Qxf6 7. Nf3 Nc6 {7...b6 is a critical line. A18: English Opening: Flohr-Mikenas
System (1 c4 Nf6 2 Nc3 e6 3 e4).} 8. d4 e5 9. Bg5 Qg6 {...e4 is the strong
threat.} 10. d5 Nb8 11. h4 h6 12. h5 Qa6 13. Be3 Nd7 14. Bd3 Ba3 15. 0-0 Qd6 16. Nh4 0-0 17. Nf5 Qf6 {[#]} 18. Bc2 $146 ({Predecessor:} 18. Ng3 Qh4 {
1/2-1/2 (20) Anand,V (2782)-Karjakin,S (2760) London 2017} )Re8 19. g4 Bc5 20. Qf3 $1 e4 21. Bxe4 Ne5 22. Qf4 Bxe3 23. fxe3 Qg5 24. Qxg5 hxg5 25. d6 Bxf5 26. Rxf5 c6 27. c5 Nxg4 28. Bf3 Nh6 (28... Ne5 $15 29. Rf1 f6 )29. Rxg5 $11 {And now Kf2 would win.} Rxe3 30. Kf2 Rxc3 31. Rb1 b6 {} (31... f6 $11 32. Rg2 Rxc5 )32. Bxc6 $18 Rd8 {[#]} 33. d7 $2 (33. Re1 $1 $18 {
Strongly threatening d7.} f6 34. Re8+ (34. Bd5+ $2 Kf8 $19 )Rxe8 35. Bxe8 bxc5 {[#]} 36. Bg6 $1 )f6 $1 $11 { The position is equal.} 34. Re1 {aiming for Re8+.} Rc2+ 35. Kf1 {Hoping for Re8+.} Rxd7 $1 36. Bxd7 fxg5 { Endgame KRB-KRN} 37. c6 Kf7 38. Re3 g4 39. Ra3 a5 40. Rb3 Ke7 41. a3 Kd6 (41... Rc5 {with more complications.} 42. Rxb6 Rxh5 43. Rb7 Rc5 44. Bxg4+ Kd6 )42. Rxb6 Nf7 (42... Rc5 {is interesting.} 43. Rb7 Rxh5 44. Be8 Rh3 45. Rxg7 Nf5 )43. Bxg4 Rxc6 44. Rb7 Rc7 45. Rb3 Ne5 46. Be2 g6 47. Rb6+ Kc5 48. Rb5+ Kd4 49. hxg6 (49. h6 {seems wilder.} Rh7 50. Rxa5 Rxh6 51. Kg2 g5 52. Rb5 )Nxg6 50. Rxa5 Nf4 51. Bg4 (51. a4 {feels hotter.} Rc1+ 52. Kf2 Nxe2 )Rc2 52. Ra8 Ra2 53. Rd8+ Ke3 54. Re8+ Kd4 55. Rd8+ Ke3 56. Re8+ Kd4 57. Rd8+ {Weighted Error Value: White=0.07/Black=0.14} 1/2-1/2

[Event "Airthings Masters Preliminary"]
[White "So,Wesley"]
[Black "Nepomniachtchi,Ian"]
[Site "Online"]
[Round "6.2"]
[Annotator "TA"]
[Result "1/2-1/2"]
[Date "2020.12.23"]
[WhiteElo "2770"]
[BlackElo "2784"]
[PlyCount "49"]

1. d4 {} Nf6 2. c4 g6 3. Nc3 d5 4. cxd5 Nxd5 5. e4 Nxc3 6. bxc3 Bg7 7. Nf3 c5 8. Rb1 0-0 9. Be2 cxd4 10. cxd4 Qa5+ 11. Bd2 Qxa2 12. 0-0 Bg4 13. Rxb7 {13.Be3 is the
modern continuation. D85: Exchange Grünfeld: Unusual White 7th moves and lines
with 7 Nf3.} (13. Be3 Nc6 14. d5 Na5 15. Bg5 Qa3 16. Re1 Bxf3 17. Bxf3 Qd6 18. e5 Bxe5 19. Qe2 Bf6 20. Bd2 Qd8 21. d6 Nc6 22. dxe7 Qxe7 23. Qxe7 Nxe7 {
1/2-1/2 (23) So,W (2760)-Nepomniachtchi,I (2767) Jerusalem 2019} )Bxf3 14. Bxf3 {[#] aiming for e5.The position is equal.} Bxd4 15. e5 Na6 {} 16. Rxe7 Rad8 {Hoping for ...Bc5.} 17. e6 fxe6 {[#] White must now prevent ...Bc5.} 18. Qe1 {[#]} Nc5 $146 ({Predecessor:
} 18... Bf6 19. Rxa7 Rxd2 20. Rxa6 Qxa6 21. Qxd2 Qb6 22. g3 Bd4 23. Kg2 Rxf3 24. Kxf3 Qb7+ 25. Ke2 Qe4+ 26. Kd1 Qb1+ 27. Ke2 Qe4+ 28. Kd1 Qb1+ 29. Ke2 Qe4+ {1/2-1/2 (29) So,W (2770)-Vachier Lagrave,M (2784) chess24.com INT 2020} )19. Be3 {Threatens to win with Bxd4.} Nd3 20. Bxd4 Nxe1 21. Rg7+ Kh8 22. Rd7+ Kg8 ({Don't go for} 22... e5 $2 23. Bxe5+ Rf6 24. Bxf6+ Kg8 25. Rxd8+ $18 )23. Rg7+ Kh8 24. Rd7+ Kg8 ({Don't blunder} 24... e5 $2 25. Bxe5+ Rf6 26. Bxf6+ Kg8 27. Rxd8+ $18 )25. Rg7+ {A rather calm draw.  Weighted Error Value: White=0.02/
Black=0.02} 1/2-1/2

[Event "Airthings Masters Preliminary"]
[White "Radjabov,Teimour"]
[Black "Nakamura,Hikaru"]
[Site "Online"]
[Round "6.3"]
[Annotator "TA"]
[Result "1/2-1/2"]
[Date "2020.12.23"]
[WhiteElo "2765"]
[BlackElo "2736"]
[PlyCount "38"]

1. d4 {} Nf6 2. c4 e6 3. Nf3 d5 4. Nc3 Be7 5. Bf4 0-0 6. e3 Nbd7 7. a3 {D37: Queen's Gambit Declined: 5 Bf4.} c5 8. cxd5 Nxd5 9. Nxd5 {White is
slightly better.} exd5 10. dxc5 Nxc5 11. Be5 Bf5 12. Be2 Bf6 13. Bxf6 Qxf6 14. Qd4 $1 { is recently more successful than 14.Nd4.} Qd6 {With the idea .
..Nb3.} 15. Rd1 Rfd8 {Black wants to play ...Bc2.} 16. Qd2 {[#]} Qf6 $5 $146 {
 An interesting novelty.} ({Predecessor:} 16... Nb3 17. Qc3 Qb6 18. Nd4 Nxd4 19. Qxd4 Qxd4 20. Rxd4 Rac8 21. g4 Rc1+ 22. Rd1 Rxd1+ 23. Bxd1 Be6 24. f4 f5 25. gxf5 Bxf5 26. Bb3 {1/2-1/2 (66) Nepomniachtchi,I (2784)-Nakamura,H 
(2736) chess24.com INT 2020} )17. Qd4 Qd6 18. Qd2 Qf6 19. Qd4 Qd6 {An
uneventful encounter.  Weighted Error Value: White=0.06/Black=0.00} 1/2-1/2

[Event "Airthings Masters Preliminary"]
[White "Dubov,Daniil"]
[Black "Giri,Anish"]
[Site "Online"]
[Round "6.5"]
[Annotator "TA"]
[Result "1-0"]
[Date "2020.12.23"]
[WhiteElo "2699"]
[BlackElo "2764"]
[PlyCount "83"]

1. e4 {} e5 2. Nf3 Nc6 3. Bb5 Nf6 4. 0-0 Nxe4 5. d4 Nd6 6. dxe5 Nxb5 7. a4 Nbd4 {C67: Ruy Lopez: Berlin Defence: 4 0-0 Nxe4.} 8. Nxd4 d5 9. c3 $5 { An interesting side line.} Be7 {The position is
equal.} 10. f4 {[#]} 0-0 $146 ({Predecessor:} 10... f6 11. exf6 Bxf6 12. Nxc6 bxc6 13. Re1+ Kf7 14. Be3 Re8 15. Na3 Bf5 16. Nc2 Qd7 {1/2-1/2 (49)
Hrebenshchykova,Y (2029)-Doluhanova,E (2293) Lutsk 2019} )11. Be3 f6 12. Nxc6 bxc6 13. Nd2 Ba6 14. Rf3 fxe5 15. fxe5 Qd7 16. Nb3 Rxf3 17. Qxf3 Rf8 18. Qg3 Qf5 {( -> ...Qf1+!)} 19. h3 Qc2 {[#]} 20. Bc5 $1 Qxb3 21. Bxe7 Rf7 22. Bc5 $40 { Black is in trouble.} Bc8 { Black cannot hold the game
after this.} ({Avoid the trap} 22... Qxb2 $2 23. Re1 $18 )(22... Qc4 $16 23. Bxa7 Qf4 )23. Qg5 {White wants to mate with Qd8+.} h5 24. Qd8+ { [#]
Double Attack} Kh7 25. Qxc8 Qxb2 26. Rf1 Rxf1+ 27. Kxf1 Qc1+ 28. Kf2 Qd2+ 29. Kg1 Qe1+ 30. Kh2 {Strongly threatening Qf5+.} Qxe5+ 31. Kh1 Qxc3 32. Qf5+ Kg8 33. Bg1 a5 (33... Qc4 {might work better.} 34. Qe6+ Kh7 35. Qf5+ Kg8 36. Qe6+ Kh7 )34. Qxh5 $18 Qc4 35. Qe8+ Kh7 36. Qe5 {White is clearly winning.} c5 37. Qxc7 d4 38. Qxa5 Qc1 {intending ...d3.} 39. Qd8 Qc3 40. a5 {} d3 41. a6 {White threatens a7 and mate.} d2 42. a7 {Weighted
Error Value: White=0.03/Black=0.24} 1-0

[Event "Airthings Masters Preliminary"]
[White "Anton Guijarro,David"]
[Black "Carlsen,Magnus"]
[Site "Online"]
[Round "6.6"]
[Annotator "TA"]
[Result "1/2-1/2"]
[Date "2020.12.23"]
[WhiteElo "2675"]
[BlackElo "2862"]
[PlyCount "101"]

1. d4 {} Nf6 2. c4 e6 3. Nc3 Bb4 4. e3 0-0 5. Bd2 d5 6. Nf3 b6 7. cxd5 exd5 8. Bd3 {E51: Nimzo-Indian: Rubinstein: 4...0-0 5 Nf3 d5.} Ba6 9. Bxa6 Nxa6 10. 0-0 Re8 11. Rc1 Bf8 12. Ne2 Qc8 {[#]} 13. Qc2 $146 ({Predecessor:} 13. Qa4 c5 14. Ng3 Qb7 15. dxc5 Nxc5 16. Qb5 Rac8 17. Rfd1 a6 18. Qf1 Nfe4 19. Be1 {
1/2-1/2 (30) Aronian,L (2767)-Carlsen,M (2863) Stavanger 2020} )c5 14. dxc5 bxc5 15. Bc3 Ne4 16. Rfd1 Qb7 17. Nf4 Rad8 18. Qa4 Nxc3 19. bxc3 Nc7 $1 20. Rb1 Qa8 {The position is equal.} 21. c4 d4 22. exd4 cxd4 23. h3 (23. Rxd4 $2 Rxd4 24. Nxd4 Qe4 $19 )Ne6 24. Nxe6 Rxe6 25. Qc2 Rg6 {And now ...Qxf3
would win.} 26. Qf5 {next Ng5 is good for White.} h6 27. Rb5 Rf6 28. Qd3 Ra6 29. Rd2 Ra3 30. Qf5 Qc8 31. Qxc8 ({Not} 31. Nxd4 $2 Qxc4 32. Qg4 {[#]} Rxd4 $1 $19 {} )({Wrong is} 31. Rxd4 $2 Qxf5 32. Rxf5 Rxf3 $1 $19 {
} )Rxc8 32. Nxd4 Rxc4 33. Rb8 {Hoping for Nf5.} Rac3 34. Nb5 Rc1+ 35. Kh2 {Black must now prevent Rdd8.} Rc8 {} 36. Rxc8 Rxc8 37. Nxa7 $11 {
 Endgame KRB-KRN} Rc5 38. g4 h5 39. Kg2 hxg4 40. hxg4 g6 41. Rb2 Rc4 42. f3 Ba3 43. Re2 Rc5 44. Kg3 Kg7 45. Kf4 Kf6 46. Ke4 Kg5 47. Rg2 Rc4+ 48. Kd5 Rc5+ 49. Ke4 Rc4+ 50. Kd5 Rc5+ 51. Ke4 {Weighted Error Value: White=0.04/
Black=0.04} 1/2-1/2

[Event "Airthings Masters Preliminary"]
[White "Giri,Anish"]
[Black "Anton Guijarro,David"]
[Site "Online"]
[Round "7.2"]
[Annotator "TA"]
[Result "1/2-1/2"]
[Date "2020.12.23"]
[WhiteElo "2764"]
[BlackElo "2675"]
[PlyCount "114"]

1. d4 {} Nf6 2. c4 e6 3. Nf3 d5 4. g3 dxc4 5. Bg2 c6 6. a4 {
E04: Open Catalan: 5 Nf3.} Bb4+ 7. Bd2 a5 8. Qc2 0-0 (8... Be7 {looks sharper.} 9. Qxc4 b6 10. Nc3 Ba6 11. Qb3 Nbd7 )9. Bxb4 axb4 10. Qxc4 Qa5 11. Qc2 b5 {
} 12. b3 Bb7 {[#]} 13. 0-0 $146 ({Predecessor:} 13. Nbd2 Nbd7 14. Ne5 Nxe5 15. dxe5 Nd5 16. 0-0 Nc3 17. Ne4 bxa4 18. Nxc3 bxc3 19. Rxa4 Qxe5 {
1/2-1/2 (39) Cheparinov,I (2688)-Anton Guijarro,D (2675) Los Cancajos 2020} )Nbd7 14. Nbd2 Qb6 15. Rfc1 Rfc8 16. Qb2 c5 17. axb5 Rxa1 18. Rxa1 {
With the idea Nc4.} Qxb5 19. Nc4 {[#] aiming for Nd6.} Ra8 $1 20. dxc5 Qxc5 (20... Nxc5 {is interesting.} 21. Nfe5 Bxg2 22. Kxg2 Qb8 23. f3 Rxa1 24. Qxa1 Nxb3 25. Qd1 Nc5 )21. Nfe5 (21. Ne1 {seems wilder.} Rxa1 22. Qxa1 Bxg2 23. Kxg2 Qc6+ 24. f3 )Nxe5 {The position is equal.} 22. Rxa8+ Bxa8 23. Qxe5 Qxe5 24. Nxe5 Be4 25. Bxe4 Nxe4 $11 { Endgame KN-KN} 26. Nd3 Nd2 27. Nc1 Ne4 28. Kf1 Kf8 29. Ke1 Nc5 30. Kd2 Ke7 31. Kc2 Kd6 32. Nd3 Nxd3 33. Kxd3 {
KP-KP} Kd5 34. e4+ Kc5 35. e5 Kd5 36. f4 h5 37. h3 f5 38. exf6 gxf6 39. g4 hxg4 40. hxg4 {K3P-K3P} e5 41. g5 {[#] Hoping for g6.} (41. fxe5 {keeps more
tension.} Kxe5 42. Ke3 Kd5 43. Kf4 Ke6 44. Ke4 )exf4 42. gxf6 {KPP-KPP} Ke6 43. Ke4 Kxf6 {( -> ...Kg5)} 44. Kxf4 {KP-KP} Ke6 45. Ke4 Kd6 46. Kd4 Kc6 47. Kc4 Kb7 48. Kxb4 {KP-K} Kb6 49. Kc4 {Threatening mate with Kb4.} Kc6 50. b4 $1 {} Kb6 51. b5 Kb7 52. Kc5 Kc7 53. b6+ $1 Kb7 54. Kb5 Kb8 55. Kc5 Kb7 56. Kb5 Kb8 57. Kc5 Kb7 {Weighted Error Value:
White=0.03/Black=0.03} 1/2-1/2

[Event "Airthings Masters Preliminary"]
[White "Grischuk,Alexander"]
[Black "Dubov,Daniil"]
[Site "Online"]
[Round "7.3"]
[Annotator "TA"]
[Result "1/2-1/2"]
[Date "2020.12.23"]
[WhiteElo "2777"]
[BlackElo "2699"]
[PlyCount "93"]

1. Nf3 {} Nf6 2. g3 g6 3. c4 b6 4. Bg2 Bb7 5. d4 Bg7 6. 0-0 0-0 7. d5 {The modern move.} Na6 {
A50: Queen's Fianchetto Defence (1 d4 Nf6 2 c4 b6).} 8. Nc3 Nc5 9. Nd4 e5 {
White has an edge.} 10. Nb3 d6 11. e4 Bc8 {[#]} 12. Bg5 $146 ({Predecessor:} 12. h3 Nh5 13. Kh2 Bd7 14. Bf3 Kh8 15. Be3 Nf6 16. Bg2 Ng8 17. Qd2 f5 18. exf5 gxf5 {0-1 (84) Martinovic,S (2504)-Kurnosov,I (2653) Aix les Bains 2011} )h6 13. Bxf6 (13. Be3 $14 )Qxf6 14. Nxc5 bxc5 15. a3 {
} a5 16. Nb5 Qd8 17. a4 (17. b4 $5 )f5 18. exf5 gxf5 19. Qh5 Bd7 20. Rae1 Be8 21. Qe2 h5 22. h4 Qe7 23. Kh2 Bf6 24. Bh3 Bg6 25. Qd2 Qg7 26. b3 Kh8 27. Rg1 Rg8 28. Rg2 Qh7 29. Reg1 Rg7 30. Rf1 Re7 31. Re1 Bg7 32. Rgg1 {[#]} (32. f4 $15 )Bf6 (32... f4 $1 $17 33. Be6 (33. gxf4 Bh6 $17 )Bh6 )33. Rg2 $1 $15 Qg7 34. Rgg1 e4 35. Ref1 Be5 36. f4 $1 {} Bf6 37. Rg2 Qf8 38. Re1 Rg7 39. Re3 Qf7 40. Re1 Qe8 41. Ree2 Re7 42. Re3 Kh7 43. Re1 Qd7 44. Rge2 Qe8 45. Rg2 $1 Qd7 46. Rge2 {[#] Strongly threatening Rxe4!} Qe8 47. Rg2 $1 {Weighted Error Value: White=0.06/Black=0.11} 1/2-1/2

[Event "Airthings Masters Preliminary"]
[White "Nepomniachtchi,Ian"]
[Black "Radjabov,Teimour"]
[Site "Online"]
[Round "7.5"]
[Annotator "TA"]
[Result "1/2-1/2"]
[Date "2020.12.23"]
[WhiteElo "2784"]
[BlackElo "2765"]
[PlyCount "149"]

1. e4 {} c5 2. Nf3 Nc6 3. Nc3 e5 4. Bc4 Be7 5. d3 d6 6. Nd2 Nf6 7. Nf1 Bg4 8. f3 Be6 9. Ne3 0-0 10. 0-0 a6 {
B30: Sicilian: 2...Nc6 3 Bb5, lines without ...g6.} 11. a4 Nb4 12. Bd2 d5 {
White has an edge.} 13. exd5 Nbxd5 14. Nexd5 Nxd5 15. Qe2 {[#]} Re8 $146 ({
Predecessor:} 15... Nxc3 16. Bxc3 Bxc4 17. dxc4 f6 18. f4 Bd6 19. fxe5 Bxe5 20. Bxe5 Qe7 21. Rae1 Rae8 {1/2-1/2 (27) Gdanski,J (2492)-Johansson,L (2423)
Sweden 2016} )16. Bxd5 ({Reject} 16. Qxe5 {[#]} Bf6 $1 $15 )Bxd5 17. Qxe5 Bc6 18. Ne4 Bf8 19. Qc3 Qd5 20. b3 f5 21. Ng3 g6 22. Qb2 b5 23. axb5 axb5 24. Rxa8 Bxa8 25. Re1 Rxe1+ 26. Bxe1 Bc6 27. Bf2 c4 28. bxc4 bxc4 29. d4 Qe6 30. c3 f4 31. Nf1 g5 32. Qb8 Qd6 33. Qc8 Qd7 34. Qa6 Bd5 35. h3 Qe6 36. Qa5 Be7 37. Nd2 Kf7 38. Qc7 Qd6 39. Qc8 Qe6 $1 {} 40. Qc7 Qd6 41. Qa5 Qe6 42. Qb5 h5 43. Qb1 {White wants to play Qh7+.} Qg6 44. Qb8 Qd6 45. Qh8 {} Qg6 46. Ne4 { [#] Deflection} (46. Kh1 {keeps more tension.} h4 47. Kh2 Qf5 48. Qb8 Qe6 49. Qb5 )Bxe4 47. fxe4 Qxe4 48. Qxh5+ Ke6 49. Qe8 {aiming for Qg8+.} Qb1+ 50. Kh2 {And now d5+! would win.} Qd3 51. Qg8+ Kd7 52. d5 (52. Qd5+ $14 Ke8 53. h4 )Qe2 $11 {The position is equal.} 53. Bd4 (53. Kg1 {seems wilder.} Qd1+ 54. Kh2 Qe2 )f3 {} 54. Qe6+ $1 Qxe6 55. dxe6+ Kxe6 56. gxf3 { Endgame KB-KB} Kf5 57. Kg2 Bd6 58. Kf2 Bf4 59. Ke2 Bd6 60. Kf2 Bf4 61. Bg7 Kg6 62. Bh8 Kf5 63. Ke2 Bh2 64. Bg7 Bf4 65. Bd4 Bd6 66. Bg7 Bf4 67. Bh8 Bh2 68. Kf1 Bd6 69. Bd4 Bf4 70. Bf2 Be5 71. Be1 Bf6 72. Kf2 Bg7 73. Bd2 Bf6 74. Ke2 Be5 75. Kf2 {Weighted Error
Value: White=0.07/Black=0.04} 1/2-1/2

[Event "Airthings Masters Preliminary"]
[White "Aronian,Levon"]
[Black "So,Wesley"]
[Site "Online"]
[Round "7.6"]
[Annotator "TA"]
[Result "1/2-1/2"]
[Date "2020.12.23"]
[WhiteElo "2781"]
[BlackElo "2770"]
[PlyCount "64"]

1. e4 {} e5 2. Nf3 Nc6 3. Bb5 Nf6 4. 0-0 Nxe4 5. Re1 Nd6 6. Nxe5 Be7 7. Bf1 Nxe5 8. Rxe5 0-0 9. d4 Bf6 10. Re1 {The
position is equal.} Re8 $1 {10...Re8 is better than 10...Nf5. C67: Ruy Lopez:
Berlin Defence: 4 0-0 Nxe4.} 11. Bf4 Rxe1 12. Qxe1 Ne8 13. c3 d5 14. Bd3 g6 15. Nd2 {} Ng7 16. Nf3 Bf5 17. Bxf5 Nxf5 18. Qe2 c6 19. Re1 Ng7 20. Be5 Bxe5 21. Nxe5 Qd6 22. Qf3 f6 {[#]} 23. Ng4 $146 ({
Predecessor:} 23. Nd3 Re8 24. Rxe8+ Nxe8 25. Qe3 Ng7 26. g3 g5 27. a4 Kf7 28. a5 Qe7 29. Qf3 {1/2-1/2 (49) Grischuk,A (2777)-Giri,A (2764) Chess.com INT 2020
} )Re8 24. Rxe8+ Nxe8 25. g3 h5 26. Qe2 Kf7 27. Ne3 Qe6 28. f3 Nd6 29. Kf2 Qh3 30. Kg1 Qe6 31. Kf2 Qh3 32. Kg1 Qe6 {An uneventful encounter. 
Weighted Error Value: White=0.00/Black=0.00} 1/2-1/2

[Event "Airthings Masters Preliminary"]
[White "Vachier-Lagrave,Maxime"]
[Black "So,Wesley"]
[Site "Online"]
[Round "8.1"]
[Annotator "TA"]
[Result "1/2-1/2"]
[Date "2020.12.23"]
[WhiteElo "2784"]
[BlackElo "2770"]
[PlyCount "67"]

1. e4 {} e5 2. Nf3 Nc6 3. Bb5 a6 4. Ba4 Nf6 5. 0-0 Be7 6. Re1 b5 7. Bb3 0-0 8. a4 b4 9. a5 d6 10. d3 Be6 11. Bxe6 $1 { is now more promising than 11.Nbd2. C88: Closed Ruy
Lopez: Anti-Marshall Systems.} fxe6 12. Nbd2 Qc8 13. c3 {White has an edge.} Rb8 14. Nc4 {[#]} Rb5 $146 ({Predecessor:} 14... Nd7 15. d4 exd4 16. cxd4 e5 17. dxe5 Ncxe5 18. Nfxe5 Nxe5 19. Nxe5 dxe5 20. Qd5+ Kh8 21. Qxe5 {1-0 (42)
Purgar,I (2094)-Raguz,I (1895) Bol 2014} )15. Bd2 Nd7 16. d4 bxc3 17. bxc3 Qe8 18. dxe5 Ndxe5 19. Ncxe5 Nxe5 20. Nd4 Rb2 21. Nxe6 Nf3+ 22. gxf3 Qg6+ 23. Kh1 Qxe6 24. Rg1 Bf6 25. Be3 Be5 26. Rg2 Qf7 27. Bd4 Qxf3 28. Bxe5 Qxd1+ (28... dxe5 {with more complications.} 29. Qd5+ Qf7 30. Rag1 g6 31. Qc6 Rxf2 32. Qxa6 Rxg2 33. Rxg2 Kg7 )29. Rxd1 {The position is equal.} dxe5 $15 {KRR-KRR} 30. Rd7 Rf7 31. Rd8+ Rf8 32. Rd7 Rf7 33. Rd8+ Rf8 34. Rd7 {Weighted Error Value:
White=0.05/Black=0.07} 1/2-1/2